000 00295nam a22001337a 4500
008 170830b xxu||||| |||| 00| 0 eng d
020 _a9780073042596
041 _aeng
080 _26TH
_a070
100 _a40
101 _aMED
245 _aCOMMUNICATING IN GROUPS
_cADAMS,K
942 _2udc
_cBK
999 _c25559
_d25559